| 000 | 00365cam a22001337a 4500 | ||
|---|---|---|---|
| 008 | 180718bThe author xxu||||| |||| 00| 0 eng d | ||
| 082 | _aA45:B73 | ||
| 100 | _aIndia. Ministry of Panchayati Raj | ||
| 245 | _aAnnual report | ||
| 260 |
_a _bNew Delhi _cThe author |
||
| 300 | _a-- | ||
| 500 | _aLibrary has 2005/06, 2007/08-2009/10 | ||
| 650 | _aPanchayat - India | ||
| 999 |
_c485054 _d485054 |
||